LEADER 01572nam a2200337 u 4500 001 000000014427 003 CaOOAMICUS 005 20070226105750.0 008 941103m19411978gw u000 u lat u 020 $a3-7752-5272-X 035 $a10340895 040 $aPUL(R)$bita 041 0 $alat$ager 245 14$aDie Urkunden Heinrichs IV. /$cbearbeitet von Dietrich von Gladiss und Alfred Gawlik. 246 31$aHeinrici IV diplomata 260 $aHannover :$bHahnsche Buchhandlung,$c1941-1978. 300 $a3 v. ;$c30 cm 490 1 $aMonumenta Germaniae historica.$aDiplomata regum et imperatorum Germaniae ;$v6 500 $aGLi editori variano a seconda del volume: v. 1. Berlin : Weidmannschen Verlagsbuchhandlung. v. 2. Hannover : Hermann Böhlaus Nachfolger. 700 1 $aGawlik, Alfred.$0(OLS)http://pul/name/13400 700 1 $aGladiss, Dietrich von.$0(OLS)http://pul/name/13399 830 0$aMonumenta Germaniae historica.$pDiplomata regum et imperatorum Germaniae ;$v6.$0(OLS)http://pul/title/8388 850 $aPUL 852 $aPUL$W1$xSL Cons. Gen., Altre Classi 1$y1$m2017 C 4.6$j119473$nBK-PRI$qStampati$B20251$CPULBib$Z2$F20251 $H56613 $82 941 1 $a8 961 $aINV: 56613 961 $aINV: Rist. in un unico volume. 996 $6020$a3-7752-5272-X$9(OLS)http://pul/number/18333 996 $6245$aDie Urkunden Heinrichs IV.$9(OLS)http://pul/title/20742 996 $6246$aHeinrici IV diplomata$9(OLS)http://pul/title/20743 996 $6260$aHannover :$bHahnsche Buchhandlung$9(OLS)http://pul/publisher/47941 LEADER 02614nam a2200517 a 4500 001 000000104992 003 CaOOAMICUS 005 20160929100600.0 008 070514s2006 vc a 000 0 ita d 020 $a88-209-7804-0 032 $aLibriCat 040 $aPUG$bita$dPUL$dLDA 041 1 $aita$alat 100 0 $aInnocentius PP.$bIII,$dc. 1161-1216.$0(OLS)http://pul/name/15364 240 00$aSermones communes.$gLatino e italiano.$f2006.$0(OLS)http://pul/title/132065 245 10$aSermoni =$bSermones /$cInnocenzo III ; prima edizione italiana a cura di Stanislao Fioramonti ; presentazione di mons. Andrea M. Erba ; introduzione di Ottorino Pasquato. 246 31$aSermones 260 $aCittà del Vaticano :$bLibreria editrice vaticana,$c2006. 300 $alxxxvi, 679 p. :$bill. ;$c24 cm 490 1 $aMonumenta studia instrumenta liturgica ;$v044 500 $aTraduzione italiana con testo latino a fronte 504 $aContiene riferimenti bibliografici 650 04$aLiturgia$xStoria$xRaccolte.$0(OLS)http://pul/subject/3051 650 04$aApologetica$yEvo medio.$0(OLS)http://pul/subject/18863 650 04$aPredicazione.$0(OLS)http://pul/subject/7064 700 1 $aErba, Andrea Maria,$cVescovo di Velletri-Segni,$d1930-,$epr.$0(OLS)http://pul/name/64530 700 1 $aFioramonti, Stanislao,$d1951-,$eed.$0(OLS)http://pul/name/64529 700 1 $aPasquato, Ottorino,$cS.B.D,$epr.$0(OLS)http://pul/name/18807 730 0 $aSermones de sanctis.$gLatino e italiano.$f2006.$0(OLS)http://pul/title/132067 730 0 $aSermones de diversis.$gLatino e italiano.$f2006.$0(OLS)http://pul/title/132068 730 0 $aSermones de tempore.$gLatino e italiano.$f2006.$0(OLS)http://pul/title/132069 830 0$aMonumenta studia instrumenta liturgica ;$v044.$0(OLS)http://pul/title/67037 850 $aPUL 852 $aPUL$W1$xSL Religione 3$y85$m252 FIOST 1$j117661$qDDC 21$q $B117605$CPULBib$Z2$F117605 $H101702 $81 900 $aInnocenzo$bIII,$cpapa,$dc. 1161-1216$915364 900 $aLotario dei conti di Segni,$dc. 1161-1216$915364 910 $aPapi (1198-1216 : Innocentius PP. III)$915364 910 $aPapi (1198-1216 : Innocentius PP. III)$915364 941 1 $a9 960 $aOmelie$97064 960 $aOmelie$97064 996 $6020$a88-209-7804-0$9(OLS)http://pul/number/134325 996 $6245$aSermoni =$bSermones$9(OLS)http://pul/title/132066 996 $6246$aSermones$9(OLS)http://pul/title/23099 996 $6260$aCittà del Vaticano :$bLibreria editrice vaticana$9(OLS)http://pul/publisher/47920